000 00507pab a2200169 454500
008 180718b2008 xxu||||| |||| 00| 0 eng d
100 _aChiappori, Pierre-Andre
245 _aEmpirical work on asymmetric information in insurance markets: modeling competition and market equilibrium in insurance: empirical issues
260 _c2008
300 _ap.146-50.
362 _aMay
650 _aInsurance
700 _aSalaie, Bernard
773 _aAmerican Economic Review
908 _aN
909 _a78676
999 _c78676
_d78676